| 000 | 00369nam a2200145 a 4500 | ||
|---|---|---|---|
| 001 | 2616 | ||
| 003 | CDMR | ||
| 005 | 20130116135233.0 | ||
| 008 | 130130s1975||||||||||||||||||||||||||||d | ||
| 040 |
_aCDMR _bcat _cCDMR |
||
| 111 | 2 |
_aColoquios de Alcor _cMadrid _d1975 _n2ยบ _9312 |
|
| 245 | 1 | 4 | _aLos coloquios de Alcor |
| 260 |
_aMadrid _c1975 _bColegio Mayor Alcor |
||
| 942 | _cMON | ||
| 999 |
_c2616 _d2616 |
||